Математическое обеспечение оптимизации операций механической обработки: сборник научных трудов

Detalles Bibliográficos
Autor Corporativo: Андроповский авиационный технологический институт
Idioma:ruso
Publicado: Ярославль, 1988
Subjects:
Formato: MixedMaterials Libro
KOHA link:https://koha.lib.tpu.ru/cgi-bin/koha/opac-detail.pl?biblionumber=254276

MARC

LEADER 00000nam0a2200000 4500
001 254276
005 20231101232924.0
035 |a (RuTPU)RU\TPU\book\276715 
090 |a 254276 
100 |a 20140319d1988 k y0rusy50 ca 
101 0 |a rus 
102 |a RU 
105 |a a z 001zy 
200 1 |a Математическое обеспечение оптимизации операций механической обработки  |e сборник научных трудов  |f Андроповский авиационный технологический институт 
210 |a Ярославль  |d 1988 
215 |a 115 с.  |c ил. 
320 |a Библиография в конце статей 
606 1 |a Механическая обработка  |x Технология  |2 stltpush  |3 (RuTPU)RU\TPU\subj\43590  |9 63073 
610 1 |a резание 
610 1 |a режимы резания 
610 1 |a аналитический метод 
610 1 |a электрохимическая обработка 
610 1 |a параметры 
610 1 |a исследование 
675 |a 621.91  |v 3 
712 0 2 |a Андроповский авиационный технологический институт  |c (1984-1989)  |2 stltpush  |3 (RuTPU)RU\TPU\col\19374  |9 27465 
801 1 |a RU  |b 63413507  |c 20140319 
801 2 |a RU  |b 63413507  |c 20140404  |g RCR 
942 |c BK